000 01136cam a22002891 4500
001 sa 67007860
003 DLC
005 20260227112419.0
008 810518s1961 ii 100 0 eng
010 _asa 67007860
025 _aPL480:I-E-7879
035 _a(OCoLC)7428344
040 _aDLC
_cMnSU
_dMnSU
_dDLC
042 _apremarc
050 0 0 _aS560
_b.S48 1960
082 _a658.1/5963
111 2 _aSeminar on Cost Studies in Agriculture
_d(1960 :
_cMatheran)
245 0 0 _aSeminar on Cost Studies in Agriculture;
_b[proceedings, reports of discussions, and papers].
260 _aBombay,
_bIndian Society of Agricultural Economics
_c[1961]
300 _avii, 177 p.
_c25 cm.
490 1 _aIndian Society of Agricultural Economics. Seminar series,
_v3
500 _a"Organised jointly by the Indian Society of Agricultural Economics and the Indian Society of Agricultural Statistics."
650 0 _aFarm management
_vCongresses.
710 2 _aIndian Society of Agricultural Economics.
710 2 _aIndian Society of Agricultural Statistics.
830 0 _aSeminar series (Indian Society of Agricultural Economics) ;
_v3.
999 _c76825
_d76825